000 00736nam a22002177a 4500
999 _c185533
_d185533
005 20220218130035.0
010 _aENG-131386-87
020 _a9789354497698
_c550.00
020 _a9789354497773
_c499.00
035 _aEN-114918-19
037 _bDBAD
082 _a530
100 _aKumar, Abhay
245 _aObjective Physics for Neet 2022/
_cAbhay Kumar
250 _a5e Edition
260 _aUttar Pradesh
_bPearson India Education Services
_c2022
270 _a15th Flooor, Tower-B, World Trade Tower, Plot No. 1, Block-C, Sector-16
_bNoida
_e201301
_mcompanysecretary.india@pearson.com
300 _avp.
_cV1 25cm(pbk), V2 25cm(pbk)
_bPractice Excercises
490 _vV1, V2
942 _2ddc
_cEN
_h530
_mABH